| 000 | 00964 a2200313 4500 | ||
|---|---|---|---|
| 001 | 200425071 | ||
| 650 | 1 | 4 |
_981044 _aİflas _zTürkiye _xİflas hukuku |
| 650 | 1 | 0 |
_938711 _aExecutions (Law) _zTurkey |
| 999 |
_c200425071 _d4103 |
||
| 003 | TR-AnTOB | ||
| 005 | 20230914104918.0 | ||
| 008 | 160926s2010 tu 000 0 | ||
| 020 | _a9786054002665 | ||
| 040 |
_aTRTET _beng _erda |
||
| 041 | 0 | _atur | |
| 050 | 0 | 0 |
_aKKX1881 _b.P67 2010 |
| 090 | _aKKX1881 .P67 2010 | ||
| 100 |
_aPostacıoğlu, İlhan E., _d1917-2005 _981043 |
||
| 245 | 1 | 0 |
_aİcra Hukuku esasları / _cİlhan E. Postacıoğlu ; Sümer Altay. |
| 264 | 1 |
_aİstanbul: _bİstanbul Üniversitesi Hukuk Fakültesi, _c1982 |
|
| 300 |
_axxvii, 508 p. ; _c24 cm. |
||
| 336 |
_atext _2rdacontent |
||
| 337 |
_aunmediated _2rdamedia |
||
| 338 |
_avolume _2rdacarrier. |
||
| 650 | 1 | 4 |
_aHukuk _zTürkiye _xTürkiye. _9103119 |
| 650 | 1 | 0 |
_aLaw _zTurkey _xTurkey. _9120043 |
| 700 | 1 |
_aAltay, Sümer _9115851 |
|
| 942 | _cBK | ||